ပိုၼ်းၽြႃးၸဝ်ႈၵေႃးတမ (Record no. 6353)

000 -LEADER
fixed length control field 00639nam a22002057a 4500
003 - CONTROL NUMBER IDENTIFIER
control field OSt
005 - DATE AND TIME OF LATEST TRANSACTION
control field 20260128094222.0
008 - FIXED-LENGTH DATA ELEMENTS--GENERAL INFORMATION
fixed length control field 210907b ||||| |||| 00| 0 eng d
040 ## - CATALOGING SOURCE
Transcribing agency OSt
041 ## - LANGUAGE CODE
Language code of text/sound track or separate title Shan
082 ## - DEWEY DECIMAL CLASSIFICATION NUMBER
Classification number 294.363
100 ## - MAIN ENTRY--PERSONAL NAME
Personal name သုၶမ်း
Titles and words associated with a name ၸဝ်ႈ (တၢင်ႉယၢၼ်း)
245 ## - TITLE STATEMENT
Title ပိုၼ်းၽြႃးၸဝ်ႈၵေႃးတမ
260 ## - PUBLICATION, DISTRIBUTION, ETC.
Place of publication, distribution, etc. တႃႈၵုင်ႈ
Name of publisher, distributor, etc. ဢေး
Date of publication, distribution, etc. 2016
300 ## - PHYSICAL DESCRIPTION
Extent III၊ 373 ၼႃႈ
Dimensions 20 ၸိၼ်ႇထိႇ
500 ## - GENERAL NOTE
General note S-SAT: Dr. Prof Sai Aung Tun
650 ## - SUBJECT ADDED ENTRY--TOPICAL TERM
Topical term or geographic name entry element ပိုၼ်းၽြႃး
942 ## - ADDED ENTRY ELEMENTS (KOHA)
Koha item type Books (Long term)
650 ## - SUBJECT ADDED ENTRY--TOPICAL TERM
9 (RLIN) 26948
Source of classification or shelving scheme
Holdings
Withdrawn status Lost status Source of classification or shelving scheme Damaged status Not for loan Collection Code Permanent Location Current Location Shelving location Date acquired Total Checkouts Full call number Barcode Date last seen Date last checked out Copy number Price effective from Koha item type Accession Total Renewals
          Tai Collection Shan State Buddhist University Library Shan State Buddhist University Library Tai Shelves 07/09/2021 4 294.363 သု ႒႘႕(1) SH00000285 27/02/2025 13/02/2025 1 07/09/2021 Books (Long term) ႒႘႕(1)  
          Tai Collection Shan State Buddhist University Library Shan State Buddhist University Library Tai Shelves 07/09/2021 2 294.363 သု ႒႘႖(2) SH00000286 14/03/2025 21/02/2025 2 07/09/2021 Books (Long term) ႒႘႖(2)  
          Tai Collection Shan State Buddhist University Library Shan State Buddhist University Library Tai Shelves 07/09/2021 4 294.363 သု ႒႘႗(3) SH00000287 26/12/2024 21/12/2024 3 07/09/2021 Books (Long term) ႒႘႗(3)  
          Tai Collection Shan State Buddhist University Library Shan State Buddhist University Library Tai Shelves 07/09/2021 1 294.363 သု ႒႘႘(4) SH00000288 29/06/2023 26/06/2023 4 07/09/2021 Books (Long term) ႒႘႘(4)  
          Tai Collection Shan State Buddhist University Library Shan State Buddhist University Library Tai Shelves 07/09/2021 3 294.363 သု ႒႘႙(5) SH00000289 01/07/2025 19/06/2025 5 07/09/2021 Books (Long term) ႒႘႙(5) 2
          Tai Collection Shan State Buddhist University Library Shan State Buddhist University Library Tai Shelves 07/09/2021 3 294.363 သု ႒႙႐(6) SH00000290 26/02/2026 28/01/2026 6 07/09/2021 Books (Long term) ႒႙႐(6) 2
          Special Collections Shan State Buddhist University Library Shan State Buddhist University Library Special Collection Shelves 07/09/2021   294.363 သု ႒႓႗႓ S-SAT SH00002373 07/09/2021   7 07/09/2021 Book (Short term) ႒႓႗႓ S-SAT  
          Tai Collection Shan State Buddhist University Library Shan State Buddhist University Library Tai Shelves 11/08/2023 2 294.363 သု ႓႓႗႑(7) SH00003371 07/08/2024 02/08/2024 7 11/08/2023 Books (Long term) ႓႓႗႑(7)  

Library - 09407999929
Admin Office - 09407999979
Dean Office - 09250910768
Registrar Office - 09892297154
Email - [email protected]
Shan State Buddhist University, Phaya Phyu Taunggyi, Shan State, Myanmar.